<?xml version="1.0" encoding="UTF-8"?>
<record
    xmlns:xsi="http://www.w3.org/2001/XMLSchema-instance"
    xsi:schemaLocation="http://www.loc.gov/MARC21/slim http://www.loc.gov/standards/marcxml/schema/MARC21slim.xsd"
    xmlns="http://www.loc.gov/MARC21/slim">

  <leader>01165nam a2200229Ia 4500</leader>
  <controlfield tag="003">OSt</controlfield>
  <controlfield tag="005">20251211162900.0</controlfield>
  <controlfield tag="008">210707s1983    xx            000 0 und d</controlfield>
  <datafield tag="040" ind1=" " ind2=" ">
    <subfield code="c">AL</subfield>
  </datafield>
  <datafield tag="041" ind1=" " ind2=" ">
    <subfield code="a">Kannada</subfield>
  </datafield>
  <datafield tag="082" ind1=" " ind2=" ">
    <subfield code="a">K894.1 GUNM</subfield>
  </datafield>
  <datafield tag="100" ind1=" " ind2=" ">
    <subfield code="a">GUNDMI CHANDRASHEKHARA AITALA</subfield>
    <subfield code="d">&#xC97;&#xCC1;&#xC82;&#xCA1;&#xCCD;&#xCAE;&#xCBF; &#xC9A;&#xC82;&#xCA6;&#xCCD;&#xCB0;&#xCB6;&#xCC7;&#xC96;&#xCB0; &#xC90;&#xCA4;&#xCBE;&#xCB3;</subfield>
    <subfield code="9">248907</subfield>
  </datafield>
  <datafield tag="245" ind1=" " ind2=" ">
    <subfield code="a">Matra samhite.</subfield>
    <subfield code="b">&#xCAE;&#xCBE;&#xCA4;&#xCCD;&#xCB0;&#xCBE; &#xCB8;&#xC82;&#xCB9;&#xCBF;&#xCA4;&#xCC6;</subfield>
  </datafield>
  <datafield tag="260" ind1=" " ind2=" ">
    <subfield code="a">Bengaluru</subfield>
    <subfield code="b">Vishva Kannada Sammelana</subfield>
    <subfield code="c">1983</subfield>
  </datafield>
  <datafield tag="300" ind1=" " ind2=" ">
    <subfield code="a">xx,48 p</subfield>
  </datafield>
  <datafield tag="365" ind1=" " ind2=" ">
    <subfield code="b">1</subfield>
    <subfield code="c">INR</subfield>
  </datafield>
  <datafield tag="520" ind1=" " ind2=" ">
    <subfield code="a">&#xC97;&#xCC1;&#xC82;&#xCA1;&#xCCD;&#xCAE;&#xCBF; &#xC9A;&#xC82;&#xCA6;&#xCCD;&#xCB0;&#xCB6;&#xCC7;&#xC96;&#xCB0; &#xC90;&#xCA4;&#xCBE;&#xCB3;&#xCB0; '&#xCAE;&#xCBE;&#xCA4;&#xCCD;&#xCB0;&#xCBE; &#xCB8;&#xC82;&#xCB9;&#xCBF;&#xCA4;&#xCC6;' (&#xCAE;&#xCBE;&#xCA4;&#xCC3; &#xCB8;&#xC82;&#xCB9;&#xCBF;&#xCA4;&#xCC6;) &#xC95;&#xCB5;&#xCA8; &#xCB8;&#xC82;&#xC95;&#xCB2;&#xCA8;&#xCB5;&#xCBE;&#xC97;&#xCBF;&#xCA6;&#xCCD;&#xCA6;&#xCC1;, &#xCA4;&#xCBE;&#xCAF;&#xCBF; &#xCAE;&#xCA4;&#xCCD;&#xCA4;&#xCC1; &#xCAE;&#xCBE;&#xCA4;&#xCC3;&#xCAA;&#xCCD;&#xCB0;&#xCC7;&#xCAE;&#xCA6; &#xCAC;&#xC97;&#xCCD;&#xC97;&#xCC6; &#xC87;&#xCB0;&#xCC1;&#xCB5; &#xCA8;&#xCAF;&#xCB5;&#xCBE;&#xCA6;, &#xCB9;&#xCC3;&#xCA6;&#xCAF;&#xCB8;&#xCCD;&#xCAA;&#xCB0;&#xCCD;&#xCB6;&#xCBF; &#xC95;&#xCB5;&#xCA8;&#xC97;&#xCB3; &#xCB8;&#xC82;&#xC97;&#xCCD;&#xCB0;&#xCB9;&#xCB5;&#xCBE;&#xC97;&#xCBF;&#xCA6;&#xCC6;</subfield>
  </datafield>
  <datafield tag="563" ind1=" " ind2=" ">
    <subfield code="a">PB</subfield>
  </datafield>
  <datafield tag="650" ind1=" " ind2=" ">
    <subfield code="a">Kannada Poetry</subfield>
    <subfield code="9">248908</subfield>
  </datafield>
  <datafield tag="650" ind1=" " ind2=" ">
    <subfield code="a">&#xCA4;&#xCBE;&#xCAF;&#xCBF; &#xCAE;&#xCA4;&#xCCD;&#xCA4;&#xCC1; &#xCAE;&#xCBE;&#xCA4;&#xCC3; &#xCB5;&#xCBE;&#xCA4;&#xCCD;&#xCB8;&#xCB2;&#xCCD;&#xCAF;&#xCA6; &#xCAD;&#xCBE;&#xCB5;&#xCA8;&#xCC6;&#xC97;&#xCB3; &#xCAC;&#xC97;&#xCCD;&#xC97;&#xCC6; &#xCB0;&#xC9A;&#xCBF;&#xCB8;&#xCB2;&#xCBE;&#xC97;&#xCBF;&#xCA6;&#xCC6;.</subfield>
    <subfield code="9">248909</subfield>
  </datafield>
  <datafield tag="942" ind1=" " ind2=" ">
    <subfield code="2">ddc</subfield>
    <subfield code="c">BK</subfield>
  </datafield>
  <datafield tag="999" ind1=" " ind2=" ">
    <subfield code="c">180118</subfield>
    <subfield code="d">180118</subfield>
  </datafield>
  <datafield tag="952" ind1=" " ind2=" ">
    <subfield code="0">0</subfield>
    <subfield code="1">0</subfield>
    <subfield code="2">ddc</subfield>
    <subfield code="4">0</subfield>
    <subfield code="7">0</subfield>
    <subfield code="8">KAN</subfield>
    <subfield code="a">AL</subfield>
    <subfield code="b">AL</subfield>
    <subfield code="d">2003-01-21</subfield>
    <subfield code="g">1.00</subfield>
    <subfield code="l">0</subfield>
    <subfield code="o">K894.1 GUNM</subfield>
    <subfield code="p">BB04020</subfield>
    <subfield code="r">2021-07-08 00:00:00</subfield>
    <subfield code="w">2021-07-08</subfield>
    <subfield code="y">BB</subfield>
  </datafield>
</record>
